Budovanie značky zamestnávateľa ako súčasť podnikovej kultúry - výskum trendov v Číne
Pojem firemná kultúra. Faktory podnikovej kultúry. Internetové médium vhodné pre employer branding. Význam employer brandingu pre podnik. Príklad čínskych podnikov.
Gespeichert in:
| 1. Verfasser: | |
|---|---|
| Weitere Verfasser: | |
| Format: | Buchkapitel |
| Sprache: | Slowakisch |
| Schlagworte: | |
| Tags: |
Keine Tags, Fügen Sie das erste Tag hinzu!
|
MARC
| LEADER | 00000nla a2200000 4500 | ||
|---|---|---|---|
| 001 | 0225049 | ||
| 005 | 20240417075109.8 | ||
| 041 | 0 | |a slo | |
| 044 | |a SK | ||
| 245 | 1 | 0 | |a Budovanie značky zamestnávateľa ako súčasť podnikovej kultúry - výskum trendov v Číne |c Jana Plchová, Alexandra Turáková |
| 520 | |a Pojem firemná kultúra. Faktory podnikovej kultúry. Internetové médium vhodné pre employer branding. Význam employer brandingu pre podnik. Príklad čínskych podnikov. | ||
| 610 | 2 | 0 | |a stratégia marketingová |
| 610 | 2 | 0 | |a budovanie značky |
| 610 | 2 | 0 | |a budovanie značky zamestnávateľa |
| 610 | 2 | 0 | |a zamestnanie |
| 610 | 2 | 0 | |a kultúra podniková |
| 610 | 2 | 0 | |a Čína |
| 100 | 1 | |a Plchová, Jana | |
| 700 | 1 | |a Turáková, Alexandra | |